Les plus grandes villes de France - Carte quiz - Statistiques

Statistiques générales
  • Ce quiz a été pris 376 fois
  • Le résultat moyen est 23 sur 30
Réponses sur la Carte
Les réponses sont colorées sur une échelle allant du rouge au vert en fonction du pourcentage des utilisateurs qui les ont devinées à leur premier essai. Vous pouvez retrouver ces pourcentages ci-dessous.
 
Statistiques - réponses
Population Ville % Correct
2 113 705 Paris
100%
238 695 Lille
99%
877 215 Marseille
98%
511 684 Toulouse
98%
265 328 Bordeaux
97%
353 701 Nice
96%
520 774 Lyon
95%
291 709 Strasbourg
94%
325 070 Nantes
92%
227 830 Rennes
91%
145 182 Brest
87%
307 101 Montpellier
86%
166 462 Le Havre
82%
159 941 Dijon
80%
156 389 Grenoble
79%
180 834 Toulon
79%
147 933 Clermont-Ferrand
76%
129 754 Metz
72%
172 569 Saint-Étienne
72%
148 907 Aix-en-Provence
69%
178 478 Reims
69%
140 993 Tours
68%
157 555 Angers
66%
133 780 Annecy
60%
156 149 Nîmes
59%
131 272 Limoges
58%
147 751 Le Mans
56%
138 668 Amiens
54%
150 444 Saint-Denis
54%
162 207 Villeurbanne
51%
Aucun quiz correspondant
Distribution des résultats
% des personnes avec chaque résultat
Percentile par nombre de réponses
Votre historique - résultats
Vous n’avez pas pris ce quiz